Statistics for Champions League Champions Goalkeepers

Click here to take the quiz!

General Stats

  • This quiz has been taken 869 times
    (316 since last reset)
  • The average score is 17 of 47

Answer Stats

Goalkeeper% Correct
Manuel Neuer
98%
Alisson
97%
Ederson
97%
Iker Casillas
97%
Thibaut Courtois
97%
Keylor Navas
94%
Marc-André ter Stegen
94%
Edwin van der Sar
90%
Édouard Mendy
89%
Víctor Valdés
89%
Petr Čech
88%
Dida
81%
Oliver Kahn
77%
Jerzy Dudek
74%
Júlio César
71%
Peter Schmeichel
62%
Fabien Barthez
29%
Vítor Baía
29%
Sepp Maier
26%
Andoni Zubizarreta
24%
Santiago Cañizares
20%
Angelo Peruzzi
18%
Sebastiano Rossi
18%
Bruce Grobbelaar
16%
Peter Shilton
16%
César Sánchez
11%
Ray Clemence
10%
Giovanni Galli
6%
Hans van Breukelen
6%
Stefan Klos
6%
Alex Stepney
4%
Stefano Tacconi
4%
Fabio Cudicini
3%
Giuliano Sarti
3%
Heinz Stuy
3%
Helmuth Duckadam
3%
Zé Beto
3%
Juanito Alonso
2%
Rogelio Domínguez
2%
Costa Pereira
1%
Giorgio Ghezzi
1%
Jimmy Rimmer
1%
Ronnie Simpson
1%
Stevan Stojanović
1%
Uli Stein
1%
Antonio Betancort
0%
Eddy Treijtel
0%

Score Distribution

Percentile by Number Answered

Percent of People with Each Score

Your Score History

You have not taken this quiz since the last reset